Statistics for Rangers FC 2015/16 QUIZ

Click here to take the quiz!

General Stats

  • This quiz has been taken 249 times
  • The average score is 9 of 15

Answer Stats

HintAnswer% Correct
Name of stadiumIbrox
91%
Away Kit ColourRed
86%
Penny.....?Arcade
82%
How many times have Rangers won the SPL54
80%
What Month did rangers win the championship?April
75%
Year of formation1872
71%
Shirt Sponsor?32RED
68%
ManagerMark Warburton
67%
Top GoalscorerMartyn Waghorn
56%
Nationality of Gedion Zelalem (arsenal Loanee)American
56%
Who did rangers best to win the challenge cupPeterhead
54%
Who scored a freekick against hibs at ibrox in october?James Tavernier
51%
Assistant managerDavie Weir
49%
who Wears number 19Barry Mckay
28%
If you canny do the bouncy youre a....?Taig
22%

Score Distribution

Percentile by Number Answered

Percent of People with Each Score

Your Score History

You have not taken this quiz